00920nam a2200205 a 450000100100000000500170001000800410002704000250006804100130009310000460010624501240015226000450027630000280032159000670034965100500041665100460046670000350051295201500054799900170069700003534020200930074254.0111027s1958 fr a 000 0 fre d aDO-SdBNPbspacBNPHU17afreheng1 aMadariaga, Salvador de,d1886-197893238613aLe déclin de l´empire espagnol d´amérique /cSalvador de Madariaga ; traduit le texte anglais par Francois Fosca. aParis :bÉditions Albin Michel,c1958. a510 p. :bil. ;c20 cm. aPertteneció a la biblioteca de Juan Isidro Jimenes Grullón 0aAmérica LatinaxHistoriayHASTA 1830960992 0aEspañaxColoniaszAmerica Latina9611251 aFosca, Francois,etrad.961126 0010507-18MOaGRbGRcOId2011-10-27iLF1l0o p35340-10r2020-06-25w2020-06-25y1zBiblioteca Juan Isidro Jiménes GrullónZNo se presta c34831d34831